Dance Moms B dances - Statistics

General Stats
  • This quiz has been taken 57 times
  • The average score is 40 of 63
Answer Stats
Picture Answer % Correct
Beautiful
96%
Beautiful
96%
Black Swan
96%
Bad Apples
92%
Bollywood
92%
Bond girl
92%
Baby Mine
88%
Bat Crazy
88%
Beautiful Day
88%
Bollywood and Vine
85%
Boss Ladies
85%
Broken Dolls
85%
Bully
85%
Ballerina
81%
Boom Boom
81%
Be Anything
77%
Birthday
77%
Black Heart
77%
Bigger isnt Better
73%
Black and Blue
73%
Bodies Electric
73%
Brat Pack
73%
Bring on the Boys
73%
Broadway Blondes
73%
Bye Felicia
73%
Beautiful Bizarre
69%
Bittersweet Charity
69%
Black Dahlia
69%
Blush and bashful
69%
Born to Dance
69%
Born to Sing
69%
Botched
65%
Break me
65%
Buckle Up
65%
Beautiful Revenge
62%
Blue Moon
62%
Broken Dancer
62%
Bad Girl
58%
Baila
58%
Bound
58%
Battled Feet
54%
The Bite
54%
Bollywood Dreams
50%
Boys like you
50%
Broadway Baby Tribute
50%
Black Sheep
46%
Boulevard of Broken Dreams
46%
Breaking down walls
46%
Burn
46%
Bad Girls
42%
Beautiful Sadness
42%
Blowing Red
42%
Beautiful Dangerous
38%
Birds Whisper
38%
Black Birds
38%
Bowies still dancing
38%
Breaking my heart
38%
Breaking Free
35%
The Bad Deed
31%
Bag, Borrow, Steal
27%
Birds of a feather Flock together
27%
Better off now
23%
Bulletproof baby
12%
No matching quizzes found
Score Distribution
Percent of People with Each Score
Percentile by Number Answered
Your Score History
You have not taken this quiz